Dejemos hablar al viento

Guardat en:
Dades bibliogràfiques
Autor principal: Onetti, Juan Carlos (autor)
Format: Llibre
Idioma:espanyol
Publicat: Santiago Seix Barral 1985
Edició:1a. ed
Col·lecció:Literatura Contemporánea, 25
Matèries:
Etiquetes: Afegir etiqueta
Sense etiquetes, Sigues el primer a etiquetar aquest registre!

MARC

LEADER 00000cam a2200000 a 4500
001 UCE9432
003 CL-VaPUC
008 151022e19850000cl |||||||||||||||||spa|d
082 0 4 |a 863  |b ONE  |2 21 
100 |a Onetti, Juan Carlos  |e autor  |9 376728 
245 1 0 |a Dejemos hablar al viento 
250 |a 1a. ed 
300 |a 249 p 
942 |c BK 
945 |d 20151022 17:18:00  |a dcastane 
260 |a Santiago  |b Seix Barral  |c 1985 
650 0 |a Narrativa hispanoamericana  |9 552155 
650 0 |a Novelas uruguayas  |9 317140 
583 |a last modification  |c 20160321 09:47:14  |k Rodrigo Vera 
490 0 |a Literatura Contemporánea, 25 
999 |c 361096  |d 361094 
952 |0 0  |1 0  |3 erb  |4 0  |6 863_000000000000000_ONE_1985  |7 0  |8 C  |9 471419  |a BIBCUR  |b BIBCUR  |i 5205883  |o 863 ONE 1985  |p 5205883  |r 2025-04-22  |w 2019-11-24  |y BK  |z Catalogado en:20151022  |k CAC